000 01048nam a2200277 a 4500
001 000011497
005 20240530073912.0
008 091019s1978 dr r 001 f spa d
040 _aDO-SdBNP
_bspa
_cBNPHU
082 _aRD863.4
_bC422c, 1978
100 1 _aCestero, Tulio M.,
_q(Tulio Manuel),
_d1877-1955
_91698
245 1 3 _aLa ciudad romántica ;
_bSangre solar /
_cTulio M. Cestero.
260 _aSanto Domingo :
_bUASD,
_c1978.
490 1 _aPublicaciones de la Universidad Autónoma de Santo Domingo
_v264
490 1 _aArte y sociedad
_v8
501 _aPublicado con: Sangre solar
563 _aDos obras encuadernadas juntas con paginación continua.
590 _aInventariado, 2019/BT
650 0 _aNovela dominicana
_9223
650 0 _aLiteratura dominicana.
_967
710 1 _aUniversidad Autónoma de Santo Domingo
_972951
740 0 2 _aSangre solar
830 0 _aPublicaciones de la Universidad Autónoma de Santo Domingo
_n264
_927226
830 0 _aArte y sociedad
_n8
_927227
910 _aValidado. Control de calidad. MMOLINA
999 _c11198
_d11198